Statistics for People Known As "The Great"

Click here to take the quiz!

General Stats

  • This quiz has been taken 15 times
  • The average score is 9 of 13

Answer Stats

HintAnswer% Correct
Macedonian King who conquered Persia and moreAlexander
93%
Russian Empress who westernized the nationCatherine
93%
United much of western Europe and the first emperor crowned in the west since Roman timesCharlemagne
93%
Roman Emperor who was the first to convert to ChristianityConstantine
86%
First Russian Tsar to be named EmperorPeter
86%
King of the Anglo-Saxons who defended England against VikingsAlfred
71%
Founder of the Achaemenid Persian EmpireCyrus
71%
King who made Prussia a major European PowerFrederick
71%
Byzantine Emperor who reconquered RomeJustinian
71%
United England, Denmark, and Norway under one crownCnut
50%
German king who became the first Holy Roman EmperorOtto
50%
General and leader in the late Roman Republic, part of the first TriumviratePompey
50%
Last Emperor to rule the united Roman EmpireTheodosius
14%

Score Distribution

Percentile by Number Answered

Percent of People with Each Score

Your Score History

You have not taken this quiz